• 首页
  • 本馆介绍
  • 公告通知
  • 最新文献
  • 馆藏检索
  • 电子资源
  • 读者导购
  • 参考咨询
  • 我的图书馆
  • 登录
  • 详细信息显示
  • 放入我的书架
  • 预约/预借图书
  • 作者相关作品
  • 分类相关作品
  • 丛书相关作品
  • 出版社相关作品

书目信息

  • 表格格式
  • 工作单格式
  • 卡片格式
题名:
最初和最终的自由
    
 
作者: 克里希那穆提 著 ;宋颜 译
分册:  
出版信息: 重庆   重庆出版社  2013
页数: 255页
开本: 22cm
丛书名:
单 册:
中图分类: B351.5
科图分类:
主题词: 现代哲学--xian dai zhe xue--哲学思想--印度 , 哲学思想--zhe xue si xiang , 印度--yin du
电子资源:
ISBN: 978-7-229-04070-3
000 01020nam0 22002771 450
001 0118172024
005 20170618172024.0
010    @a978-7-229-04070-3@b精装@dCNY35.00
100    @a20130812d2013 em y0chiy50 ea
101 1  @achi@cinc
102    @aCN@b500000
105    @ay z 000yy
106    @ar
200 1  @a最初和最终的自由@Azui chu he zui zhong de zi you@dThe first and last freedom@f(印) 克里希那穆提著@g宋颜译@zeng
210    @a重庆@c重庆出版社@d2013
215    @a255页@d22cm
330    @a本书探讨了矛盾、恐惧、欲望、孤独、苦难、爱与性、行动与观念、已知与未知、个人的转变与生活的意义等现代人所面临的基本问题。
500 10 @aFirst and last freedom@mChinese
606 0  @a现代哲学@Axian dai zhe xue@x哲学思想@y印度
606 0  @a哲学思想@Azhe xue si xiang
606 0  @a印度@Ayin du
690    @aB351.5@v5
701  1 @c(印)@a克里希那穆提@Ake li xi na mu ti@c(Krishnamurti,J.),@f1895-1986@4著
702  0 @a宋颜@Asong yan@4译
801  0 @aCN@bTANGWEI@c20170608
905    @b1008051-6@dB351.5@e20@f6
    
    最初和最终的自由=The first and last freedom/(印) 克里希那穆提著/宋颜译.-重庆:重庆出版社,2013
    255页;22cm
    
    
    ISBN 978-7-229-04070-3(精装):CNY35.00
    本书探讨了矛盾、恐惧、欲望、孤独、苦难、爱与性、行动与观念、已知与未知、个人的转变与生活的意义等现代人所面临的基本问题。
●
相关链接 在E读中查询图书 在五车中查询图书 在当当中查询图书 在豆瓣中查询图书


正题名:最初和最终的自由     索取号:B351.5/20         预约/预借

序号 登录号 条形码 馆藏地/架位号 状态 备注
1 1008051   210080516   第一样本阅览室/ [索取号:B351.5/20] 在馆    
2 1008052   210080525   教育系资料室/ [索取号:B351.5/20] 在馆    
3 1008053   210080534   教育系资料室/ [索取号:B351.5/20] 在馆    
4 1008054   210080543   教育系资料室/ [索取号:B351.5/20] 在馆    
5 1008055   210080552   第一借阅区/ [索取号:B351.5/20] 在馆    
6 1008056   210080561   第一借阅区/ [索取号:B351.5/20] 在馆    
唐山师范学院图书馆 欢迎您!
大连网信软件有限公司© 版权所有